Manual técnico: producción artesanal de semillas de hortalizas para la huerta familiar
I tiakina i:
| Ngā kaituhi rangatōpū: | , |
|---|---|
| Hōputu: | Pukapuka |
| Reo: | Pāniora |
| I whakaputaina: |
Santiago
FAO
2011
|
| Ngā marau: | |
| Ngā Tūtohu: |
Tāpirihia he Tūtohu
Kāore He Tūtohu, Me noho koe te mea tuatahi ki te tūtohu i tēnei pūkete!
|
MARC
| LEADER | 00000nam a2200000 a 4500 | ||
|---|---|---|---|
| 001 | UCG6312 | ||
| 003 | CL-VaPUC | ||
| 008 | 110414e20110000CL |||||||||||||||||spa|d | ||
| 020 | |a 9789253067671 | ||
| 082 | 0 | 4 | |a 631.521 |b FAO |2 21 |
| 110 | 2 | |a FAO |e author |9 556411 | |
| 710 | 2 | |a Organización de las Naciones Unidas para la Agricultura y la Alimentación |e author |9 556412 | |
| 245 | 1 | 0 | |a Manual técnico: producción artesanal de semillas de hortalizas para la huerta familiar |
| 300 | |a 98 p | ||
| 942 | |c BK | ||
| 945 | |d 20110414 00:00:00 |a jcampos | ||
| 260 | |a Santiago |b FAO |c 2011 | ||
| 650 | 0 | |a Hortalizas |9 259501 | |
| 650 | 0 | |a Horticultura |9 259721 | |
| 650 | 7 | |a PRODUCCION DE SEMILLAS |2 CL-VaPUC |9 556413 | |
| 650 | 0 | |a Semillas |9 264396 | |
| 650 | 0 | |a Tecnología agrícola |9 325634 | |
| 583 | |a last modification |c 20110414 00:00:00 |k Rodrigo Vera | ||
| 999 | |c 344575 |d 344573 | ||
| 952 | |0 0 |1 0 |4 0 |6 631_521000000000000_FAO_2011 |7 0 |8 A |9 442619 |a BIBAGR |b BIBAGR |d 2019-11-22 |i 4767292 |l 1 |o 631.521 FAO 2011 |p 4767292 |r 2025-01-20 |s 2024-10-01 |w 2019-11-22 |y BK |k AGR | ||